UBT Library

UNAPOLOGETICALL AMBITIOUS (Record no. 60577)

000 -LEADER
fixed length control field 00348nam a22001457a 4500
008 - FIXED-LENGTH DATA ELEMENTS--GENERAL INFORMATION
fixed length control field 240205b ||||| |||| 00| 0 eng d
020 ## - INTERNATIONAL STANDARD BOOK NUMBER
International Standard Book Number 9781538702895
041 ## - LANGUAGE CODE
Language code of text/sound track or separate title eng
080 ## - UNIVERSAL DECIMAL CLASSIFICATION NUMBER
Edition identifier 2020 FIRST EDITION
Universal Decimal Classification number 159.9
082 ## - DEWEY DECIMAL CLASSIFICATION NUMBER
Classification number 159.9
100 ## - Rafti
Rafti 25
101 ## - Shkurtesa
Shkurtesa PSI
245 ## - TITLE STATEMENT
Title UNAPOLOGETICALL AMBITIOUS
Statement of responsibility, etc SHELLYE ARCHAMBEAU
942 ## - ADDED ENTRY ELEMENTS (KOHA)
Source of classification or shelving scheme
Item type Books
Holdings
Withdrawn status Lost status Source of classification or shelving scheme Damaged status Not for loan Collection code Permanent location Current location Date acquired Total Checkouts Full call number Barcode Date last seen Price effective from Koha item type
          Koleksioni i përgjithshem UBT - Lipjan UBT - Lipjan 02/05/2024   159.9ARC 002-800070594 02/05/2024 02/05/2024 Books
          Koleksioni i përgjithshem UBT - Lipjan UBT - Lipjan 02/05/2024   159.9ARC 002-800070595 02/05/2024 02/05/2024 Books
          Koleksioni i përgjithshem UBT - Lipjan UBT - Lipjan 02/05/2024   159.9ARC 002-800070596 02/05/2024 02/05/2024 Books
          Koleksioni i përgjithshem UBT - Lipjan UBT - Lipjan 02/05/2024   159.9ARC 002-800070597 02/05/2024 02/05/2024 Books
          Koleksioni i përgjithshem UBT - Lipjan UBT - Lipjan 02/05/2024   159.9ARC 002-800070598 02/05/2024 02/05/2024 Books
          Koleksioni i përgjithshem UBT - Lipjan UBT - Lipjan 02/05/2024   159.9ARC 002-800070599 02/05/2024 02/05/2024 Books
UBT Library © 2015-2024. All rights reserved University Education for Business and Technology